书目信息 |
| 题名: |
活性半焦的制备
|
|
| 作者: | 徐德平 , 张香兰 著 | |
| 分册: | ||
| 出版信息: | 北京 化学工业出版社 2012.11 |
|
| 页数: | 143页 | |
| 开本: | 24cm | |
| 丛书名: | ||
| 单 册: | ||
| 中图分类: | TQ522.16 | |
| 科图分类: | ||
| 主题词: | 半焦--制备 | |
| 电子资源: | ||
| ISBN: | 978-7-122-14308-2 | |
| 000 | 01218nam0 2200277 45 | |
| 001 | 1355393405 | |
| 005 | 20130513151523.23 | |
| 010 | @a978-7-122-14308-2@dCNY38.00 | |
| 100 | @a20130108d2012 em y0chiy0121 ea | |
| 101 | 0 | @achi |
| 102 | @aCN@b110000 | |
| 105 | @aak a 000yy | |
| 106 | @ar | |
| 200 | 1 | @a活性半焦的制备@AHuo Xing Ban Jiao De Zhi Bei@e性能与烟气脱硫机理@EXing Neng Yu Yan Qi Tuo Liu Ji Li@f张香兰, 徐德平著@FZhang Xiang Lan , Xu De Ping Zhu |
| 210 | @a北京@c化学工业出版社@d2012.11 | |
| 215 | @a143页@c图@d24cm | |
| 300 | @a中央高校基本科研业务费项目资助 中国矿业大学 (北京) 研究生教材及学术专著出版资金资助 | |
| 320 | @a有书目 | |
| 330 | @a本书主要是针对干法烟气脱硫用活性半焦的研究, 侧重脱硫炭的性质研究和开发。本书内容包括活性半焦的结构及炭法烟气脱硫技术、活性半焦结构和性能分析评价方法、活性半焦脱硫性能评价方法、原料及制备工艺对活性半焦性能的影响、活性半焦的催化法制备及其性能研究、活性半焦脱硫机理的研究。 | |
| 517 | 1 | @a性能与烟气脱硫机理@AXing Neng Yu Yan Qi Tuo Liu Ji Li |
| 606 | 0 | @a半焦@x制备 |
| 690 | @aTQ522.16@v5 | |
| 701 | 0 | @a徐德平@AXu De Ping@4著 |
| 701 | 0 | @a张香兰@AZhang Xiang Lan@4著 |
| 801 | @aCN@bTANGWEI@c20130109 | |
| 905 | @b0830923-25@dTQ522.16@e38@f3 | |
| 活性半焦的制备:性能与烟气脱硫机理/张香兰, 徐德平著.-北京:化学工业出版社,2012.11 |
| 143页:图;24cm |
| 中央高校基本科研业务费项目资助 中国矿业大学 (北京) 研究生教材及学术专著出版资金资助 |
| ISBN 978-7-122-14308-2:CNY38.00 |
| 本书主要是针对干法烟气脱硫用活性半焦的研究, 侧重脱硫炭的性质研究和开发。本书内容包括活性半焦的结构及炭法烟气脱硫技术、活性半焦结构和性能分析评价方法、活性半焦脱硫性能评价方法、原料及制备工艺对活性半焦性能的影响、活性半焦的催化法制备及其性能研究、活性半焦脱硫机理的研究。 |
| ● |
| 相关链接 |
|
|
|
|
正题名:活性半焦的制备
索取号:TQ522.16/38
 
预约/预借
| 序号 | 登录号 | 条形码 | 馆藏地/架位号 | 状态 | 备注 |
| 1 | 0830923 | 208309230 | 第二样本阅览室/ [索取号:TQ522.16/38] | 在馆 | |
| 2 | 0830924 | 208309249 | 密集书库-化学系/ [索取号:TQ522.16/38] | 在馆 | |
| 3 | 0830925 | 208309258 | 第三借阅区/ [索取号:TQ522.16/38] | 在馆 |